| 000 | 01480cam a22003374a 4500 | ||
|---|---|---|---|
| 999 |
_c41191 _d41191 |
||
| 001 | 12141085 | ||
| 003 | OSt | ||
| 005 | 20210706102029.0 | ||
| 008 | 000814s2001 nyua 001 0 eng | ||
| 010 | _a 00063341 | ||
| 020 | _a0471333689 (cloth : alk. paper) | ||
| 020 | _a9788126572038 | ||
| 040 |
_aDLC _cDLC _dDLC |
||
| 042 | _apcc | ||
| 050 | 0 | 0 |
_aQD39.3.M3 _bY68 2001 |
| 082 | 0 | 0 |
_a542.85 _221 _bYOU/C |
| 100 | 1 |
_aYoung, David C., _d1964- _98640 |
|
| 245 | 1 | 0 |
_aComputational chemistry : _ba practical guide for applying techniques to real world problems / _cDavid C. Young. |
| 260 |
_aNew York : _bWiley, _cc2001. |
||
| 300 |
_axxiv, 381 p. : _bill. ; _c25 cm. |
||
| 500 | _aIncludes index. | ||
| 650 | 0 |
_aChemistry _xMathematics. |
|
| 650 | 0 |
_aChemistry _xData processing. |
|
| 650 | 0 |
_aChemistry _xComputer simulation. |
|
| 856 | 4 | 2 |
_3Contributor biographical information _uhttp://www.loc.gov/catdir/bios/wiley042/00063341.html |
| 856 | 4 | 2 |
_3Publisher description _uhttp://www.loc.gov/catdir/description/wiley034/00063341.html |
| 856 | 4 |
_3Table of Contents _uhttp://www.loc.gov/catdir/toc/onix05/00063341.html |
|
| 906 |
_a7 _bcbc _corignew _d1 _eocip _f20 _gy-gencatlg |
||
| 942 |
_2ddc _cBK _h542.85 _iYOU/C _k542.85 _mYOU/C |
||